Crime and corruption to good governance (Record no. 381733)

000 -LEADER
fixed length control field 00589cam a22001817a 4500
008 - FIXED-LENGTH DATA ELEMENTS--GENERAL INFORMATION
fixed length control field 180718b1997 xxu||||| |||| 00| 0 eng d
020 ## - INTERNATIONAL STANDARD BOOK NUMBER
International Standard Book Number 8185565805
082 ## - DEWEY DECIMAL CLASSIFICATION NUMBER
Classification number Q811x54 K151
245 ## - TITLE STATEMENT
Title Crime and corruption to good governance
Statement of responsibility, etc. edited by Subhash C. Kashyap
260 ## - PUBLICATION, DISTRIBUTION, ETC.
Place of publication, distribution, etc. New Delhi
Name of publisher, distributor, etc. Uppal
Date of publication, distribution, etc. 1997
300 ## - PHYSICAL DESCRIPTION
Extent 178p.
650 ## - SUBJECT ADDED ENTRY--TOPICAL TERM
Topical term or geographic name entry element Public administration - India
650 ## - SUBJECT ADDED ENTRY--TOPICAL TERM
Topical term or geographic name entry element Bihar - Politics and government
650 ## - SUBJECT ADDED ENTRY--TOPICAL TERM
Topical term or geographic name entry element India - Politics and government
650 ## - SUBJECT ADDED ENTRY--TOPICAL TERM
Topical term or geographic name entry element Political corruption - India
650 ## - SUBJECT ADDED ENTRY--TOPICAL TERM
Topical term or geographic name entry element Political crimes and offenses - India
700 ## - ADDED ENTRY--PERSONAL NAME
Personal name Kashyap, Subhash C.
Holdings
Withdrawn status Lost status Damaged status Not for loan Permanent Location Current Location Date acquired Full call number Barcode Date last seen Price effective from Koha item type
        Indian Institute of Public Administration Indian Institute of Public Administration 1997-06-26 Q811x54 K151 72077 2018-07-21 2018-07-21 Book

Powered by Koha